000 00257nam a2200097Ia 4500
008 230907s9999||||xx |||||||||||||| ||und||
082 _a338.927
_bDES
245 0 _aDesigning sustainable technologies, products and policies /
300 _a520 p.
942 _cBK
999 _c600244
_d600244